Religious perspectives of college teaching in sociology and social psychology.

Bibliographic Details
Main Author: Parsons, Talcott, 1902-1979
Format: Book
Language:English
Published: New Haven : Edward W. Hazen Foundation, [1951?]
Subjects:

MARC

Tag First Indicator Second Indicator Subfields
LEADER 00000cam a2200000 4500
001 in00000057630
005 20151008050413.0
008 740626s1951 ctu b 00000 eng u
010 |a  52004258  
035 |a (OCoLC)00929747 
035 |9 AAG0846AM 
040 |c BCT  |d TXA  |d UtOrBLW 
049 |a TXAM 
050 0 0 |a BL60  |b .P3 
082 0 |a 201 
092 |a 307  |b P271r 
100 1 |a Parsons, Talcott,  |d 1902-1979. 
245 1 0 |a Religious perspectives of college teaching in sociology and social psychology. 
264 1 |a New Haven :  |b Edward W. Hazen Foundation,  |c [1951?] 
300 |a 47 pages ;  |c 23 cm. 
336 |a text  |b txt  |2 rdacontent 
337 |a unmediated  |b n  |2 rdamedia 
338 |a volume  |b nc  |2 rdacarrier 
650 0 |a Social psychology  |x Study and teaching. 
650 0 |a Sociology  |x Study and teaching. 
650 0 |a Religion and sociology. 
999 |a MARS 
999 f f |s e6fa0da2-5a53-327b-9eb5-a505bb14d129  |i a2bd6f73-633b-3f68-bb69-6368e5265364  |t 0 
952 f f |p ric  |a Texas A&M University  |b Rellis Campus  |c Joint Library Facility  |d Remote Storage  |t 0  |e BL60 .P3  |h Library of Congress classification  |i unmediated -- volume  |m A14800645700 
998 f f |a BL60 .P3  |t 0  |l Remote Storage